000 00610nam a22001935i 4500
001 175843
003 ES-MaACL
005 20230906215929.0
008 101124s1965 sp f |||| | spa d
080 _a8.09"19"
100 1 _aTorre, Guillermo de (
_d1900-1971)
_9110740
245 1 0 _aHistoria de las literaturas de vanguardia /
_cGuillermo de Torre.
260 _aMadrid :
_bGuadarrama,
_cD. L. 1965.
300 _a946, [56] p. de lám. bl. y n. ;
_c22 cm.
500 _aÍndice.
504 _aBibliografía.
650 4 _aLiteratura-
_yS.XX-
_xHistoria y crítica.
_9139829
852 _aES-MaACL
_jE-13668
999 _c175843
_d175843